<?xml version="1.0" encoding="UTF-8"?>
<record
    xmlns:xsi="http://www.w3.org/2001/XMLSchema-instance"
    xsi:schemaLocation="http://www.loc.gov/MARC21/slim http://www.loc.gov/standards/marcxml/schema/MARC21slim.xsd"
    xmlns="http://www.loc.gov/MARC21/slim">

  <leader>01550nam0a2200373   4500</leader>
  <controlfield tag="001">RU\NLR\bibl\91494</controlfield>
  <controlfield tag="005">20260406055702.0</controlfield>
  <datafield tag="010" ind1=" " ind2=" ">
    <subfield code="a">5-88783-028-&#x425;</subfield>
    <subfield code="9">10000</subfield>
  </datafield>
  <datafield tag="021" ind1=" " ind2=" ">
    <subfield code="a">RU</subfield>
    <subfield code="b">2000-3612</subfield>
    <subfield code="9">179</subfield>
  </datafield>
  <datafield tag="035" ind1=" " ind2=" ">
    <subfield code="a">(NLR Aleph) 000089421</subfield>
  </datafield>
  <datafield tag="090" ind1=" " ind2=" ">
    <subfield code="a">501188</subfield>
    <subfield code="c">501188</subfield>
  </datafield>
  <datafield tag="100" ind1=" " ind2=" ">
    <subfield code="a">20000609d1999    |||y0rusy50      ca</subfield>
  </datafield>
  <datafield tag="101" ind1="0" ind2=" ">
    <subfield code="a">rus</subfield>
  </datafield>
  <datafield tag="102" ind1=" " ind2=" ">
    <subfield code="a">RU</subfield>
  </datafield>
  <datafield tag="105" ind1=" " ind2=" ">
    <subfield code="a">a   |||||||||</subfield>
  </datafield>
  <datafield tag="200" ind1="1" ind2=" ">
    <subfield code="a">&#x421;&#x432;&#x44F;&#x442;&#x43E;&#x439; &#x421;&#x442;&#x430;&#x440;&#x435;&#x446; &#x431;&#x43B;&#x430;&#x436;&#x435;&#x43D;&#x43D;&#x44B;&#x439; &#x43E;. &#x418;&#x430;&#x43A;&#x43E;&#x432;</subfield>
    <subfield code="f">&#x41F;&#x435;&#x440;. &#x441; &#x43D;&#x43E;&#x432;&#x43E;&#x433;&#x440;&#x435;&#x447;. &#x438;&#x433;&#x443;&#x43C;. &#x418;&#x43B;&#x438;&#x438; (&#x416;&#x443;&#x43A;&#x43E;&#x432;&#x430;)</subfield>
  </datafield>
  <datafield tag="205" ind1=" " ind2=" ">
    <subfield code="a">3-&#x435; &#x438;&#x437;&#x434;.</subfield>
  </datafield>
  <datafield tag="210" ind1=" " ind2=" ">
    <subfield code="a">&#x421;&#x41F;&#x431;.</subfield>
    <subfield code="c">&#x41D;&#x43E;&#x432;&#x44B;&#x439; &#x433;&#x43E;&#x440;&#x43E;&#x434;</subfield>
    <subfield code="a">&#x41F;&#x43E;&#x43A;&#x440;&#x43E;&#x432;-&#x417;&#x430;&#x434;&#x43E;&#x440;&#x43E;&#x436;&#x44C;&#x435;</subfield>
    <subfield code="c">&#x421;&#x432;&#x44F;&#x442;&#x43E;-&#x41F;&#x43E;&#x43A;&#x440;&#x43E;&#x432;. &#x43C;&#x43E;&#x43D;&#x430;&#x448;. &#x43E;&#x431;&#x449;&#x438;&#x43D;&#x430;</subfield>
    <subfield code="d">1999</subfield>
  </datafield>
  <datafield tag="215" ind1=" " ind2=" ">
    <subfield code="a">140,[2] &#x441;., [2] &#x43B;. &#x446;&#x432;. &#x438;&#x43B;.</subfield>
    <subfield code="c">&#x438;&#x43B;.</subfield>
    <subfield code="d">20</subfield>
  </datafield>
  <datafield tag="225" ind1="1" ind2=" ">
    <subfield code="a">&#x412;&#x441;&#x435;&#x43B;&#x435;&#x43D;&#x441;&#x43A;&#x43E;&#x435; &#x43F;&#x440;&#x430;&#x432;&#x43E;&#x441;&#x43B;&#x430;&#x432;&#x438;&#x435;</subfield>
  </datafield>
  <datafield tag="300" ind1=" " ind2=" ">
    <subfield code="a">&#x417;&#x430;&#x433;&#x43B;. &#x43E;&#x431;&#x43B;.: &#x411;&#x43B;&#x430;&#x436;&#x435;&#x43D;&#x43D;&#x44B;&#x439; &#x421;&#x442;&#x430;&#x440;&#x435;&#x446; &#x43E;. &#x418;&#x430;&#x43A;&#x43E;&#x432;</subfield>
  </datafield>
  <datafield tag="512" ind1="1" ind2=" ">
    <subfield code="a">&#x411;&#x43B;&#x430;&#x436;&#x435;&#x43D;&#x43D;&#x44B;&#x439; &#x421;&#x442;&#x430;&#x440;&#x435;&#x446; &#x43E;. &#x418;&#x430;&#x43A;&#x43E;&#x432;</subfield>
  </datafield>
  <datafield tag="600" ind1=" " ind2="1">
    <subfield code="a">&#x426;&#x430;&#x43B;&#x438;&#x43A;&#x438;&#x441;</subfield>
    <subfield code="b">&#x418;.</subfield>
    <subfield code="f">1920</subfield>
    <subfield code="g">&#x418;&#x430;&#x43A;&#x43E;&#x432;</subfield>
    <subfield code="9">2172371</subfield>
    <subfield code="3">RU\NLR\auth\661306691</subfield>
  </datafield>
  <datafield tag="600" ind1=" " ind2="0">
    <subfield code="a">&#x418;&#x430;&#x43A;&#x43E;&#x432;</subfield>
    <subfield code="c">&#x426;&#x430;&#x43B;&#x438;&#x43A;&#x438;&#x441;, &#x418;&#x430;&#x43A;&#x43E;&#x432;</subfield>
    <subfield code="f">1920</subfield>
    <subfield code="9">2172369</subfield>
    <subfield code="3">RU\NLR\auth\661306690</subfield>
  </datafield>
  <datafield tag="686" ind1=" " ind2=" ">
    <subfield code="a">&#x42D;372.14</subfield>
  </datafield>
  <datafield tag="702" ind1=" " ind2="0">
    <subfield code="4">570</subfield>
    <subfield code="8">rus</subfield>
    <subfield code="7">ca</subfield>
    <subfield code="a">&#x418;&#x430;&#x43A;&#x43E;&#x432;</subfield>
    <subfield code="c">&#x426;&#x430;&#x43B;&#x438;&#x43A;&#x438;&#x441;, &#x418;&#x430;&#x43A;&#x43E;&#x432;</subfield>
    <subfield code="c">&#x438;&#x435;&#x440;&#x43E;&#x43C;&#x43E;&#x43D;&#x430;&#x445;</subfield>
    <subfield code="f">1920-</subfield>
    <subfield code="3">RU\NLR\auth\7710028</subfield>
    <subfield code="9">119813</subfield>
  </datafield>
  <datafield tag="702" ind1=" " ind2="0">
    <subfield code="4">730</subfield>
    <subfield code="8">rus</subfield>
    <subfield code="7">ca</subfield>
    <subfield code="a">&#x418;&#x43B;&#x438;&#x44F;</subfield>
    <subfield code="c">&#x416;&#x443;&#x43A;&#x43E;&#x432;</subfield>
    <subfield code="c">&#x438;&#x433;&#x443;&#x43C;&#x435;&#x43D;</subfield>
    <subfield code="3">RU\NLR\auth\779755</subfield>
    <subfield code="9">119565</subfield>
  </datafield>
  <datafield tag="801" ind1=" " ind2="0">
    <subfield code="a">RU</subfield>
    <subfield code="b">NLR</subfield>
    <subfield code="c">20000609</subfield>
    <subfield code="g">PSBO</subfield>
  </datafield>
  <datafield tag="801" ind1=" " ind2="1">
    <subfield code="a">RU</subfield>
    <subfield code="b">NLR</subfield>
    <subfield code="c">20000609</subfield>
  </datafield>
  <datafield tag="852" ind1=" " ind2=" ">
    <subfield code="a">NLR</subfield>
    <subfield code="j">2000-3/4594</subfield>
  </datafield>
  <datafield tag="942" ind1=" " ind2=" ">
    <subfield code="c">BOOK</subfield>
  </datafield>
  <datafield tag="980" ind1=" " ind2=" ">
    <subfield code="a">NB</subfield>
  </datafield>
  <datafield tag="995" ind1=" " ind2=" ">
    <subfield code="5">2000-06-09</subfield>
    <subfield code="a">ad</subfield>
    <subfield code="b">NLR01</subfield>
    <subfield code="c">NLR01</subfield>
    <subfield code="e">RF8</subfield>
    <subfield code="f">40455</subfield>
    <subfield code="k">2000-3/4594</subfield>
    <subfield code="o">0</subfield>
    <subfield code="r">BOOK</subfield>
    <subfield code="s">200034594_</subfield>
  </datafield>
  <datafield tag="995" ind1=" " ind2=" ">
    <subfield code="5">2000-06-09</subfield>
    <subfield code="a">ad</subfield>
    <subfield code="b">NLR01</subfield>
    <subfield code="c">NLR01</subfield>
    <subfield code="e">RF8</subfield>
    <subfield code="f">40457</subfield>
    <subfield code="k">2000-3/4594</subfield>
    <subfield code="o">0</subfield>
    <subfield code="r">BOOK</subfield>
    <subfield code="s">200034594_</subfield>
  </datafield>
</record>
